[Event "ICU TVCC"]
[Site "Boise, ID"]
[Date "2011.07.23"]
[Round "4.5"]
[White "Lang, Jamie"]
[Black "Pemsler, Carmen E"]
[Result "1-0"]
[WhiteElo "1496"]
[BlackElo "1000"]

1. e4 c6 2. d4 d5 3. Nc3 dxe4 4. Nxe4 Bf5 5. f3 Nf6 6. Nxf6+ exf6 7. g4 Be6 8.
Bf4 c5 9. Bb5+ Nd7 10. c3 a6 11. Bd3 cxd4 12. cxd4 Nb6 13. Ne2 Bb4+ 14. Bd2
Bd6 15. Nc3 O-O 16. Qc2 g6 17. O-O-O Rc8 18. Kb1 Bb4 19. h4 Qxd4 20. Bh6 Bxc3
21. Bxf8 Bb4 22. Bxg6 Qxd1+ 23. Qxd1 Bxf8 24. Bf5 Bxf5+ 25. gxf5 Bg7 26. Qb3
Rc6 27. Rg1 Kh8 28. Qxf7 Bh6 29. Qg8# 1-0

[Event "TVCC"]
[Site "Boise, ID"]
[Date "2013.06.08"]
[Round "1.1"]
[White "Kircher, Caleb"]
[Black "Douglas, Kurt P"]
[Result "0-1"]
[WhiteElo "1591"]
[BlackElo "1705"]
[EventRounds "4"]
[EventCountry "USA"]

1. e4 c5 2. Nc3 d6 3. f4 Nc6 4. Bb5 Bd7 5. Nf3 e6 6. O-O g6 7. Bxc6 Bxc6 8. d3
Bg7 9. Qe1 Ne7 10. Bd2 O-O 11. Qh4 d5 12. f5 exf5 13. Bh6 dxe4 14. dxe4 fxe4
15. Ng5 Qd4+ 16. Kh1 Nf5 17. Rxf5 gxf5 18. Nxh7 Rfd8 19. Bg5 Rd5 20. Bf4 Rad8
21. h3 Qc4 22. Bg5 Rd1+ 23. Kh2 Be5+ 24. g3 R8d2+ 25. Bxd2 Rxd2+ 26. Kh1 e3+
27. Kg1 Rg2+ 28. Kh1 Rxg3+ 29. Kh2 Qxh4 {#R} 0-1

[Event "TVCC"]
[Site "Boise, ID"]
[Date "2013.06.08"]
[Round "1.2"]
[White "Looney, Dan"]
[Black "Buus, Jarod N"]
[Result "1/2-1/2"]
[WhiteElo "1624"]
[BlackElo "1201"]
[EventRounds "4"]
[EventCountry "USA"]

1. e4 c5 2. Nc3 d6 3. f4 a6 4. Nf3 Nc6 5. a3 e6 6. Bc4 b5 7. Ba2 Bb7 8. O-O
Nf6 9. e5 dxe5 10. fxe5 Nxe5 11. Ng5 h6 12. Nh3 c4 13. d4 cxd3 14. Bf4 Qb6+
15. Kh1 dxc2 16. Qxc2 Ng6 17. Bxe6 Nxf4 18. Nxf4 fxe6 19. Rae1 Bc8 20. Qg6+
Kd8 21. Qd3+ Kc7 22. Nfd5+ Nxd5 23. Nxd5+ exd5 24. Rc1+ Kb8 25. Qg3+ Bd6 26.
Qxg7 Qd8 27. Qd4 Bc7 28. Rf7 Bb6 29. Qe5+ Bc7 30. Rfxc7 Re8 31. Rxc8+ Ka7 32.
R8c7+ Kb6 33. R7c6+ Ka7 34. Rc7+ {At this point, Black had 29 minutes and
White had three seconds when Black said something that several witnesses
thought sounded like "draw" so White stopped moving. Black then claimed he
didn't say "draw", but was unable to remember what he did say. White's
position is completely won as no matter what Black does, mate follows almost
immediately, however that is irrelevant to the draw claim by White. Both
players, all the witnesses, and the TD agreed after much deliberation that
this game was in fact drawn by agreement.--Roland} {#d} 1/2-1/2

[Event "TVCC"]
[Site "Boise, ID"]
[Date "2013.06.08"]
[Round "2.2"]
[White "Booth, Tom R"]
[Black "Looney, Dan"]
[Result "1-0"]
[WhiteElo "1593"]
[BlackElo "1624"]
[EventRounds "4"]
[EventCountry "USA"]

1. d4 g6 2. c4 Nf6 3. Nc3 Bg7 4. Nf3 O-O 5. Bg5 h6 6. Bxf6 Bxf6 7. e4 d6 8.
Be2 Nc6 9. h3 Bd7 10. O-O e5 11. d5 Nd4 12. Rb1 c5 13. Nb5 Qb6 14. Nbxd4 exd4
15. Bd3 Rae8 16. Qd2 Kg7 17. b4 Qd8 18. bxc5 Bxh3 19. gxh3 Qd7 20. Qf4 Qxh3
21. Qg3 Qc8 22. cxd6 Be5 23. Nxe5 Rxe5 24. Qxe5+ f6 25. Qg3 Re8 26. e5 g5 27.
e6 Qd8 28. Rxb7+ {#r} 1-0

[Event "TVCC"]
[Site "Boise, ID"]
[Date "2013.06.08"]
[Round "2.3"]
[White "Buus, Jarod N"]
[Black "Kircher, Caleb"]
[Result "0-1"]
[WhiteElo "1201"]
[BlackElo "1591"]
[EventRounds "4"]
[EventCountry "USA"]

1. e4 d5 2. exd5 Nf6 3. Bc4 Nxd5 4. Nf3 Bg4 5. O-O e6 6. d3 Be7 7. Re1 O-O 8.
Nbd2 Nc6 9. a3 a5 10. Nf1 Nd4 11. N1d2 Nb6 12. Ba2 Bd6 13. c3 Nxf3+ 14. Nxf3
Qf6 15. Kh1 Bxf3 16. Qxf3 Qxf3 17. gxf3 c6 18. Rg1 Kh8 19. Be3 Nd5 20. Bxd5
exd5 21. Rg2 f5 22. Bd4 Rf7 23. a4 c5 24. Be3 Re8 25. d4 c4 26. Bg5 h6 27. Bd2
Re2 28. Rd1 Rfe7 29. Rg6 Bc7 30. Rgg1 Rxf2 31. Bc1 Rxh2# 0-1

[Event "TVCC"]
[Site "Boise, ID"]
[Date "2013.06.08"]
[Round "3.1"]
[White "Booth, Tom R"]
[Black "Douglas, Kurt P"]
[Result "1/2-1/2"]
[WhiteElo "1593"]
[BlackElo "1705"]
[EventRounds "4"]
[EventCountry "USA"]

1. d4 d5 2. c4 c6 3. cxd5 cxd5 4. Nf3 Nf6 5. Nc3 Bf5 6. Bf4 e6 7. e3 a6 8. Be2
Nbd7 9. O-O Bb4 10. Rc1 O-O 11. a3 Ba5 12. b4 Bc7 13. Bxc7 Qxc7 14. Nxd5 Qd6
15. Nxf6+ Nxf6 16. Qb3 Be4 17. h3 h6 18. Rfe1 Rac8 19. Qb2 Rc7 20. Rxc7 Qxc7
21. Rc1 Qb8 22. Ne5 Rc8 23. Nf3 Rc7 24. Ne5 Qc8 25. Rxc7 Qxc7 {#d} 1/2-1/2

[Event "TVCC"]
[Site "Boise, ID"]
[Date "2013.06.08"]
[Round "3.3"]
[White "Looney, Dan"]
[Black "Blake, Isaac"]
[Result "1-0"]
[WhiteElo "1624"]
[BlackElo "1000"]
[EventRounds "4"]
[EventCountry "USA"]

1. e4 c6 2. e5 d5 3. d4 c5 4. Be3 Bf5 5. Bb5+ Nd7 6. Nc3 e6 7. g4 Be4 8. f3
Bg6 9. h4 h5 10. g5 f5 11. Qd2 Qc7 12. Bxd7+ Qxd7 13. dxc5 Qc7 14. Nb5 Qxe5
15. O-O-O a6 16. f4 Qb8 17. Nd4 Bxc5 18. Nxe6 Bd6 19. Qxd5 Be7 20. Nxg7+ Kf8
21. Nxf5 Bxf5 22. Qxf5+ Ke8 23. Bd4 Nh6 24. Qg6+ Kf8 25. Qg7+ Ke8 26. Qxh8+
Kf7 27. Qxh6 Qxf4+ 28. Kb1 Rd8 29. g6+ {#r} 1-0

[Event "TVCC"]
[Site "Boise, ID"]
[Date "2013.06.08"]
[Round "4.1"]
[White "Douglas, Kurt P"]
[Black "Looney, Dan"]
[Result "1/2-1/2"]
[WhiteElo "1705"]
[BlackElo "1624"]
[EventRounds "4"]
[EventCountry "USA"]

1. e4 c6 2. d4 d5 3. Nc3 dxe4 4. Nxe4 Nf6 5. Nxf6+ exf6 6. Nf3 Bd6 7. Bd3 O-O
8. O-O Bg4 9. h3 Bh5 10. Re1 Nd7 11. Bd2 Qb6 12. Bc3 Rae8 13. Bf5 Qc7 14. Qd3
Bxf3 15. Qxf3 g6 16. Bxd7 Qxd7 17. Qxf6 Re6 18. Rxe6 fxe6 19. Qh4 Qf7 20. Re1
Qf5 21. Re2 Bf4 22. Qe7 Be3 23. Be1 Bxd4 {#d} 1/2-1/2

[Event "TVCC"]
[Site "Boise, ID"]
[Date "2013.06.08"]
[Round "4.2"]
[White "Kircher, Caleb"]
[Black "Booth, Tom R"]
[Result "1-0"]
[WhiteElo "1591"]
[BlackElo "1593"]
[EventRounds "4"]
[EventCountry "USA"]

1. d4 e6 2. Nf3 d5 3. e3 Nf6 4. Bd3 Nbd7 5. O-O c5 6. b3 Be7 7. Bb2 O-O 8.
Nbd2 b6 9. Ne5 Bb7 10. f4 Nxe5 11. fxe5 Ne4 12. Qe2 Qd7 13. Rad1 cxd4 14. exd4
Nxd2 15. Qxd2 a5 16. Qe2 Qc8 17. Rf3 Ba6 18. c4 h6 19. Rdf1 Qe8 20. Bc1 dxc4
21. bxc4 Rd8 22. Qe4 g6 23. Be3 Rb8 24. Bxh6 Bb7 25. d5 exd5 26. cxd5 f5 27.
exf6 Bc5+ 28. Kh1 Qxe4 29. Bxe4 Rfe8 30. Bxg6 Re2 31. f7+ Kh8 32. Rh3 {#r} 1-0

[Event "TVCC"]
[Site "Boise, ID"]
[Date "2013.06.08"]
[Round "4.3"]
[White "Buus, Jarod N"]
[Black "Blake, Isaac"]
[Result "1-0"]
[WhiteElo "1201"]
[BlackElo "1000"]
[EventRounds "4"]
[EventCountry "USA"]

1. e4 c6 2. d4 d5 3. e5 c5 4. Nf3 Bf5 5. Nc3 e6 6. Ne2 Nd7 7. c3 Qc7 8. Ng3 f6
9. Nxf5 exf5 10. e6 Nb6 11. Bb5+ Kd8 12. O-O Bd6 13. Re1 a6 14. Bd3 Ne7 15.
dxc5 Bxc5 16. b4 Bd6 17. Be3 Nc4 18. Bxc4 dxc4 19. Bc5 Nc8 20. Qd2 Re8 21.
Rad1 Ke7 22. Nh4 g6 23. Qh6 b6 24. Qxh7+ Kd8 25. Qxc7+ Kxc7 26. Bd4 Rf8 27.
Nxg6 Rg8 28. Nh4 Ne7 29. Bxf6 Rae8 30. Be5 Rd8 31. Nf3 Rg6 32. Bxd6+ Rxd6 33.
Rxd6 Kxd6 34. Nd4 f4 35. b5 a5 36. g3 f3 37. Rd1 Nd5 38. Nxf3 Rxe6 39. a4 Kc5
40. Rc1 Re2 41. Kg2 Ra2 42. h4 Rxa4 43. h5 Ra3 44. h6 Ne7 45. h7 Ng6 46. Nh4
Nh8 47. g4 a4 48. g5 Ra2 49. g6 Re2 50. g7 Re8 51. g8=Q {#r} 1-0

[Event "TVCC"]
[Site "Boise, ID"]
[Date "2014.10.25"]
[Round "1.1"]
[White "Kircher, Caleb"]
[Black "White, Matthew"]
[Result "1-0"]
[WhiteElo "1850"]
[BlackElo "1203"]
[EventRounds "4"]
[EventCountry "USA"]

1. e4 e5 2. Bc4 Nf6 3. Nf3 Nc6 4. d3 d5 5. Bb3 dxe4 6. Ng5 Be6 7. Bxe6 fxe6 8.
Nxe6 Qd6 9. Nxf8 Rxf8 10. O-O O-O-O 11. Nc3 a6 12. Nxe4 Nxe4 13. Qg4+ Rd7 14.
Qxe4 Qd4 15. Qxh7 e4 16. Be3 g5 17. Qxe4 Qxe4 18. dxe4 g4 19. f4 gxf3 20. gxf3
Ne5 21. f4 Rg8+ 22. Kh1 Ng4 23. Rg1 Rh7 24. Rg2 Rhg7 25. Rag1 Kd7 26. Bd4 Rg6
27. f5 Rg5 28. h4 Rh8 29. Rxg4 Rgh5 30. Bxh8 Rxh8 31. e5 Ke7 32. Rg7+ Kf8 33.
R1g4 b5 34. Rxc7 a5 35. e6 Ke8 36. f6 Kd8 37. e7+ Kxc7 38. f7 {#r} 1-0

[Event "TVCC"]
[Site "Boise, ID"]
[Date "2014.10.25"]
[Round "1.2"]
[White "Batten, Jesse"]
[Black "Inman, James"]
[Result "0-1"]
[WhiteElo "1121"]
[BlackElo "1719"]
[EventRounds "4"]
[EventCountry "USA"]

1. d4 d5 2. c4 dxc4 3. e4 e5 4. Nf3 Nf6 5. Nc3 exd4 6. e5 dxc3 7. Qxd8+ Kxd8
8. exf6 cxb2 9. Bxb2 Bb4+ 10. Kd1 c3 11. Ne5 cxb2 12. Rb1 Bc3 13. Nxf7+ Ke8
14. Nxh8 Bf5 15. Bb5+ c6 16. fxg7 Bxg7 17. Kd2 cxb5 18. Rhe1+ Kf8 19. Re3 Bxb1
20. Rb3 Bxh8 21. Rxb5 Nc6 22. Rd5 Bxa2 23. Rf5+ Ke7 24. Rb5 Rd8+ 25. Kc2 Nd4+
26. Kxb2 Nxb5+ 27. Kxa2 Rd3 28. f4 Nc3+ 29. Ka3 a5 30. Kb3 b5 31. g4 Nd1+ 32.
Kc2 Nf2 33. g5 a4 34. f5 a3 35. f6+ Kf7 36. h4 a2 37. Kb2 Rd2+ 38. Ka1 Ne4 39.
g6+ hxg6 40. h5 Bxf6# 0-1

[Event "TVCC"]
[Site "Boise, ID"]
[Date "2014.10.25"]
[Round "1.4"]
[White "Mussler-Wright, Amelia"]
[Black "McGarvey, James"]
[Result "0-1"]
[WhiteElo "1000"]
[BlackElo "1600"]
[EventRounds "4"]
[EventCountry "USA"]

1. e4 c5 2. d3 Nc6 3. c3 d5 4. Bd2 Nf6 5. exd5 Nxd5 6. c4 Nf6 7. Nc3 Bf5 8.
Nf3 Bxd3 9. Bxd3 Qxd3 10. Qb1 O-O-O 11. Nb5 a6 12. Nc3 Nb4 13. Qxd3 Nxd3+ 14.
Ke2 Nxb2 15. Nd1 Nxc4 16. Kf1 Nxd2+ 17. Nxd2 Rxd2 18. g3 e5 19. Kg2 e4 20. Ne3
b5 21. Rad1 Rxa2 22. Rc1 g6 23. Rc2 Rxc2 24. Nxc2 Be7 25. Rd1 Rd8 26. Rxd8+
Kxd8 27. f3 exf3+ 28. Kxf3 Nd5 29. Ne3 Nxe3 30. Kxe3 f5 31. Kf3 a5 32. g4 a4
33. gxf5 a3 34. fxg6 hxg6 35. h3 a2 36. h4 a1=Q 37. Kg4 Qd4+ 38. Kh3 Qxh4+ 39.
Kg2 Qg4+ 40. Kf2 Bh4+ 41. Ke3 Qd4+ 42. Kf3 Qf2+ 43. Kg4 Qg3# 0-1

[Event "TVCC"]
[Site "Boise, ID"]
[Date "2014.10.25"]
[Round "1.5"]
[White "Amen, Chris"]
[Black "Labastida, Eric"]
[Result "1-0"]
[WhiteElo "1560"]
[BlackElo "1000"]
[EventRounds "4"]
[EventCountry "USA"]

1. e4 e5 2. Nf3 Nc6 3. d4 Bd6 4. d5 Nd4 5. Nxd4 exd4 6. Qxd4 Qf6 7. Be3 Qxd4
8. Bxd4 Nf6 9. e5 Bb4+ 10. c3 Nxd5 11. cxb4 Nxb4 12. Na3 b6 13. Bc4 Bb7 14.
O-O O-O-O 15. Bxf7 d6 16. exd6 Rhf8 17. Be6+ Kb8 18. dxc7+ Kxc7 19. Be5+ Kc6
20. Rfc1+ {#r} 1-0

[Event "TVCC"]
[Site "Boise, ID"]
[Date "2014.10.25"]
[Round "2.1"]
[White "Brubaker, Bill"]
[Black "Kircher, Caleb"]
[Result "0-1"]
[WhiteElo "1021"]
[BlackElo "1850"]
[EventRounds "4"]
[EventCountry "USA"]

1. d4 f5 2. Nc3 Nf6 3. Bf4 e6 4. Nf3 Bb4 5. a3 Bxc3+ 6. bxc3 b6 7. g3 Bb7 8.
Bg2 O-O 9. O-O d6 10. c4 Qe7 11. Re1 Ne4 12. d5 e5 13. Be3 Nd7 14. Qd3 Ba6 15.
Nd2 Ndc5 16. Bxc5 Nxc5 17. Qe3 f4 18. gxf4 Rxf4 19. Qh3 Raf8 20. Rf1 Bxc4 21.
Nxc4 Rxc4 22. Rac1 Rcf4 23. e3 R4f5 24. f3 Qg5 25. Rce1 Qg6 26. Qg3 Rg5 27.
Qh3 Qxc2 28. f4 exf4 29. exf4 Rgf5 30. Rf2 Qc4 31. Qe3 Rxf4 32. Rxf4 Qxf4 33.
Qe2 Qd4+ 34. Kh1 Nd3 35. Qe3 Qxe3 36. Rxe3 Nf4 37. Be4 g6 38. h4 Kg7 39. Kh2
Re8 40. Rc3 Rxe4 41. Rxc7+ Kh6 42. Rxa7 Nxd5 43. Kg3 Re7 44. Ra4 Rd7 45. Rd4
Nc7 46. a4 d5 47. Rb4 Rd6 48. Kg4 Ne6 49. Rb5 d4 50. a5 bxa5 51. Rxa5 d3 52.
h5 d2 {#R} 0-1

[Event "TVCC"]
[Site "Boise, ID"]
[Date "2014.10.25"]
[Round "2.2"]
[White "Inman, James"]
[Black "Amen, Chris"]
[Result "1-0"]
[WhiteElo "1719"]
[BlackElo "1560"]
[EventRounds "4"]
[EventCountry "USA"]

1. d4 Nf6 2. c4 g6 3. Nc3 d5 4. cxd5 Nxd5 5. e4 Nxc3 6. bxc3 Bg7 7. Bg5 c5 8.
Nf3 O-O 9. Rc1 h6 10. Be3 Qa5 11. Qd2 cxd4 12. cxd4 Qxd2+ 13. Kxd2 Rd8 14. Rc7
Nc6 15. d5 e6 16. Bc4 Na5 17. Kd3 Nxc4 18. Kxc4 b6 19. Rd1 Ba6+ 20. Kb3 exd5
21. exd5 Rac8 22. Bf4 Rxc7 23. Bxc7 Rd7 24. d6 Be2 25. Re1 Bxf3 26. Re8+ Bf8
27. gxf3 Kg7 28. Rxf8 Kxf8 29. Kc4 a6 30. Kd5 Ke8 31. Bxb6 f5 32. Ke6 Rf7 33.
f4 Rd7 34. h4 Rf7 35. Bd4 Rd7 36. Bf6 Rb7 37. a3 h5 38. Bd4 Rf7 39. Bb6 Rd7
40. Bc7 Rg7 41. Kd5 Kd7 42. Kc5 Rg8 43. Kb6 Re8 44. a4 Re4 45. a5 Rxf4 46.
Kxa6 Rxh4 47. Kb5 Rh2 48. a6 Rxf2 49. a7 Ra2 50. Ba5 Kxd6 51. a8=Q Ke6 52.
Qe8+ Kf6 53. Bc3+ Kg5 54. Qe3+ f4 55. Qe5+ Kg4 56. Qe6+ {#r} 1-0

[Event "TVCC"]
[Site "Boise, ID"]
[Date "2014.10.25"]
[Round "2.3"]
[White "McGarvey, James"]
[Black "Mussler-Wright, August"]
[Result "1-0"]
[WhiteElo "1600"]
[BlackElo "1000"]
[EventRounds "4"]
[EventCountry "USA"]

1. d4 d5 2. c4 Nf6 3. Nc3 dxc4 4. e4 Nc6 5. Nf3 Nxd4 6. Qxd4 Qxd4 7. Nxd4 e5
8. Nf3 Bc5 9. Bxc4 O-O 10. O-O Be6 11. Bxe6 fxe6 12. Nxe5 Bd4 13. Nf3 Bxc3 14.
bxc3 Nd7 15. Nd4 Nc5 16. Ba3 Nd7 17. Bxf8 Nxf8 18. f4 e5 19. fxe5 Rd8 20. e6
Nxe6 21. Nxe6 Re8 22. Nxc7 Rc8 23. Ne6 Re8 24. Nc5 Rf8 25. Rxf8+ Kxf8 26. Nxb7
a5 27. Nxa5 g6 28. Rd1 Kg7 29. c4 h5 30. c5 g5 31. c6 h4 32. c7 g4 33. c8=Q h3
34. Qe6 hxg2 35. Rd7+ Kh8 36. Qe8# 1-0

[Event "TVCC"]
[Site "Boise, ID"]
[Date "2014.10.25"]
[Round "2.5"]
[White "White, Matthew"]
[Black "Mussler-Wright, Amelia"]
[Result "1-0"]
[WhiteElo "1203"]
[BlackElo "1000"]
[EventRounds "4"]
[EventCountry "USA"]

1. e4 e5 2. Nf3 d6 3. d4 f6 4. dxe5 fxe5 5. Nc3 Nc6 6. Bb5 a6 7. Bxc6+ bxc6 8.
O-O d5 9. exd5 cxd5 10. Nxd5 Bb7 11. Re1 Bxd5 12. Rxe5+ Ne7 13. Bg5 Bxf3 14.
Qxf3 Qd2 15. Bxd2 O-O-O 16. Qg4+ Kb8 17. Bg5 Rd2 18. Bxd2 Nc6 19. Re8+ Kb7 20.
Qe4 Ka7 21. Qxc6 g6 22. Be3+ Bc5 23. Bxc5# 1-0

[Event "TVCC"]
[Site "Boise, ID"]
[Date "2014.10.25"]
[Round "2.6"]
[White "Labastida, Eric"]
[Black "Batten, Jesse"]
[Result "1-0"]
[WhiteElo "1000"]
[BlackElo "1121"]
[EventRounds "4"]
[EventCountry "USA"]

1. f4 d5 2. Nf3 e6 3. e3 Nc6 4. b3 Bc5 5. Bb2 Nf6 6. Nc3 O-O 7. Bd3 Nb4 8. Qe2
b6 9. O-O-O Bd6 10. Kb1 c5 11. Ng5 c4 12. Bxh7+ Nxh7 13. Nxh7 cxb3 14. axb3
Ba6 15. Qh5 Bb7 16. Nxf8 Bxf8 17. e4 d4 18. Ne2 Bxe4 19. Bxd4 Bxc2+ 20. Kc1
Rc8 21. Bc3 Bxb3 22. Kb2 Bxd1 23. Rxd1 Nd3+ 24. Kc2 Bb4 25. Qg5 Bxc3 26. Qxd8+
Rxd8 27. dxc3 b5 28. Rxd3 Rc8 29. Kb3 a5 30. Ka3 Rc4 31. Rd4 b4+ 32. cxb4
axb4+ 33. Kb3 Rxd4 34. Nxd4 g6 35. Kxb4 Kf8 36. g4 Ke7 37. g5 f6 38. Nc6+ Kf7
39. h4 f5 40. Ne5+ Kg7 41. Kc5 Kh7 42. Kd6 Kg7 43. Kxe6 Kh7 44. Kf6 Kg8 45.
Nxg6 Kh7 46. Kxf5 Kg7 47. h5 Kh7 48. Nf8+ Kg8 49. Ne6 Kh8 50. h6 Kh7 51. Nf8+
Kh8 52. g6 Kg8 53. h7+ Kh8 54. Ke6 Kg7 55. f5 Kh8 56. Ke7 Kg7 57. f6+ Kh8 58.
g7# 1-0

[Event "TVCC"]
[Site "Boise, ID"]
[Date "2014.10.25"]
[Round "3.1"]
[White "Kircher, Caleb"]
[Black "Inman, James"]
[Result "1-0"]
[WhiteElo "1850"]
[BlackElo "1719"]
[EventRounds "4"]
[EventCountry "USA"]

1. e4 c6 2. Nf3 d5 3. exd5 cxd5 4. Ne5 Nf6 5. d4 Nc6 6. Bb5 Bd7 7. Nxd7 Qxd7
8. O-O a6 9. Ba4 e6 10. Bf4 Bd6 11. Bxd6 Qxd6 12. c3 O-O 13. Re1 Rac8 14. Qd3
Ne7 15. Nd2 Nf5 16. Nf3 g6 17. Ne5 b5 18. Bb3 b4 19. cxb4 Qxb4 20. Rad1 a5 21.
g4 Ng7 22. a3 Qd6 23. Ba4 Rc7 24. Qd2 h5 25. gxh5 Ngxh5 26. Kh1 Ne4 27. Qe3 f6
28. Nxg6 Rff7 29. Rg1 Rg7 30. Rdf1 Kh7 31. Bd1 Nhg3+ 32. fxg3 Rxg6 33. Rf4
Rcg7 34. Bc2 f5 35. Rh4+ Kg8 36. Bxe4 dxe4 37. Rc1 Qa6 38. Qb3 Rc7 39. Qb8+
Qc8 40. Qxc8+ Rxc8 41. Rxc8+ Kf7 42. Kg2 e5 43. Rh7+ Rg7 44. Rc7+ {#r} 1-0

[Event "TVCC"]
[Site "Boise, ID"]
[Date "2014.10.25"]
[Round "3.2"]
[White "McGarvey, James"]
[Black "Buus, Jarod"]
[Result "0-1"]
[WhiteElo "1600"]
[BlackElo "1213"]
[EventRounds "4"]
[EventCountry "USA"]

1. d4 d5 2. c4 c6 3. Nc3 Nf6 4. Nf3 e6 5. Bg5 dxc4 6. a4 Bb4 7. e4 b5 8. e5 h6
9. exf6 hxg5 10. Nxg5 Qxf6 11. Nf3 Nd7 12. Be2 Bb7 13. O-O Bxc3 14. bxc3 c5
15. axb5 cxd4 16. cxd4 Nb6 17. Ne5 Ke7 18. Bf3 Rxh2 19. Bxb7 Rh1+ 20. Kxh1
Qh4+ 21. Kg1 Rh8 {#R} 0-1

[Event "TVCC"]
[Site "Boise, ID"]
[Date "2014.10.25"]
[Round "3.3"]
[White "Amen, Chris"]
[Black "Brubaker, Bill"]
[Result "0-1"]
[WhiteElo "1560"]
[BlackElo "1021"]
[EventRounds "4"]
[EventCountry "USA"]

1. c4 e5 2. g3 Nf6 3. Bg2 Bc5 4. e3 d6 5. Nc3 Be6 6. Bxb7 Nbd7 7. Bxa8 Qxa8 8.
Qf3 e4 9. Qe2 Bg4 10. Qf1 Ne5 11. f3 Nd3+ 12. Kd1 exf3 13. Kc2 Nb4+ 14. Kb3
Qb7 15. d4 Nd3+ 16. Kc2 Ne1+ 17. Qxe1 f2 18. Qxf2 Bb4 19. h3 Qxh1 20. hxg4
Bxc3 21. bxc3 Qe4+ 22. Kd2 Nxg4 23. Qf4 Qg2+ 24. Ne2 Nf6 25. Ba3 Qc6 26. c5
Ne4+ 27. Kd3 d5 28. Qf5 O-O 29. Rh1 Qb5+ 30. Kc2 Qxe2+ 31. Kb3 Qc4+ 32. Kc2
Qxc3+ 33. Kd1 Qd2# 0-1

[Event "TVCC"]
[Site "Boise, ID"]
[Date "2014.10.25"]
[Round "3.4"]
[White "Mussler-Wright, August"]
[Black "White, Matthew"]
[Result "0-1"]
[WhiteElo "1000"]
[BlackElo "1203"]
[EventRounds "4"]
[EventCountry "USA"]

1. e4 e5 2. Bc4 Nf6 3. Nf3 Nc6 4. O-O d6 5. d4 Bg4 6. Be3 exd4 7. Bxd4 Bxf3 8.
gxf3 Nh5 9. f4 Nxf4 10. Be3 Qg5+ 11. Kh1 Qg2# 0-1

[Event "TVCC"]
[Site "Boise, ID"]
[Date "2014.10.25"]
[Round "3.6"]
[White "Batten, Jesse"]
[Black "Mussler-Wright, Amelia"]
[Result "1-0"]
[WhiteElo "1121"]
[BlackElo "1000"]
[EventRounds "4"]
[EventCountry "USA"]

1. e4 e5 2. Nf3 Nc6 3. Bb5 a6 4. Ba4 b5 5. Bb3 Nf6 6. Ng5 Qe7 7. Bxf7+ Kd8 8.
Bb3 h6 9. Nf7+ Ke8 10. Nxh8 Nxe4 11. Qh5+ Kd8 12. Nf7+ Ke8 13. Nxe5+ Kd8 14.
Nxc6+ dxc6 15. O-O Qe8 16. Bf7 Qe7 17. Qf3 Nf6 18. Bg6 Nd7 19. d3 Ne5 20. Qe4
Qe6 21. c3 Qg4 22. Qxe5 Bd6 23. Qe8# 1-0

[Event "TVCC"]
[Site "Boise, ID"]
[Date "2014.10.25"]
[Round "4.1"]
[White "Buus, Jarod"]
[Black "Kircher, Caleb"]
[Result "0-1"]
[WhiteElo "1213"]
[BlackElo "1850"]
[EventRounds "4"]
[EventCountry "USA"]

1. e4 d5 2. exd5 Nf6 3. c4 c6 4. d4 cxd5 5. Nc3 e6 6. Nf3 Be7 7. c5 b6 8. Bb5+
Bd7 9. Bxd7+ Nfxd7 10. b4 a5 11. Qa4 O-O 12. c6 Bxb4 13. Bb2 Nf6 14. O-O Na6
15. Nb5 Nc7 16. Rac1 Ne4 17. a3 Bd6 18. Rc2 Nxb5 19. Qxb5 Qc7 20. Rfc1 a4 21.
Bc3 Bxa3 22. Ra1 Nxc3 23. Rxc3 Ra5 24. Qd3 Be7 25. Ne5 Bd6 26. Nd7 Rfa8 27.
Rb1 R8a6 28. Rb5 a3 29. Rxa5 Rxa5 30. Qb1 a2 31. Qa1 Qa7 32. Ne5 Rb5 33. Rc1
Qa3 34. c7 Bxc7 {#R} 0-1

[Event "TVCC"]
[Site "Boise, ID"]
[Date "2014.10.25"]
[Round "4.2"]
[White "Inman, James"]
[Black "Brubaker, Bill"]
[Result "1-0"]
[WhiteElo "1719"]
[BlackElo "1021"]
[EventRounds "4"]
[EventCountry "USA"]

1. d4 e6 2. c4 d5 3. Nc3 Nf6 4. cxd5 exd5 5. Bg5 Be7 6. e3 Be6 7. Bd3 Nbd7 8.
Nge2 c5 9. Nf4 Bg4 10. f3 Bh5 11. Nxh5 Nxh5 12. Bxe7 Qxe7 13. O-O O-O 14. Nxd5
Qd6 15. dxc5 Qxc5 16. Rc1 Qa5 17. Ne7+ Kh8 18. Qc2 Qd8 19. Nf5 Rc8 20. Qe2 Ne5
21. Be4 Rc7 22. Rfd1 Rxc1 23. Rxc1 Qb6 24. Qc2 h6 25. Qc3 Qf6 26. g4 g6 27.
Nxh6 Nxf3+ 28. Bxf3 Qxc3 29. Rxc3 Ng7 30. Rc7 Kh7 31. Nxf7 Ne6 32. Ng5+ Kh6
33. Nxe6 Rxf3 34. Rc3 Rf6 35. g5+ {#r} 1-0

[Event "TVCC"]
[Site "Boise, ID"]
[Date "2014.10.25"]
[Round "4.3"]
[White "Labastida, Eric"]
[Black "McGarvey, James"]
[Result "0-1"]
[WhiteElo "1000"]
[BlackElo "1600"]
[EventRounds "4"]
[EventCountry "USA"]

1. f4 c5 2. Nf3 Nc6 3. e3 d5 4. b3 Nf6 5. Bb2 Bg4 6. Nc3 e6 7. Bd3 Be7 8. Qe2
Rc8 9. O-O-O a6 10. Kb1 O-O 11. h3 Bxf3 12. Qxf3 Nb4 13. Qe2 d4 14. exd4 cxd4
15. Ne4 Nfd5 16. Bxd4 Nxf4 17. Qg4 g5 18. Be5 Nfxd3 19. cxd3 Qxd3+ 20. Ka1 f5
21. Nf2 fxg4 22. Nxd3 Nxd3 23. Bc3 Nf2 24. hxg4 Nxd1 25. Rxd1 Bf6 26. Bxf6
Rxf6 27. Rh1 Rc2 28. Rh5 Rf1# 0-1

[Event "TVCC"]
[Site "Boise, ID"]
[Date "2014.10.25"]
[Round "4.4"]
[White "White, Matthew"]
[Black "Amen, Chris"]
[Result "0-1"]
[WhiteElo "1203"]
[BlackElo "1560"]
[EventRounds "4"]
[EventCountry "USA"]

1. e4 c5 2. Nf3 Nc6 3. d4 cxd4 4. Nxd4 g6 5. Nxc6 bxc6 6. Nc3 Bg7 7. Bc4 d6 8.
O-O Nf6 9. Bg5 h6 10. Be3 O-O 11. e5 dxe5 12. Qxd8 Rxd8 13. Rad1 Bf5 14. Rxd8+
Rxd8 15. Rd1 Rxd1+ 16. Nxd1 Bxc2 17. Nc3 a5 18. a4 e6 19. Bb6 Nd5 20. Bxa5
Nxc3 21. Bxc3 Bxa4 22. b3 Bb5 23. Bf1 e4 24. Bxg7 Kxg7 25. b4 Kf6 26. Bxb5
cxb5 27. Kf1 Ke5 28. Ke2 Kd4 29. g3 Kc3 30. Ke3 Kxb4 31. Kxe4 Kc3 32. Ke5 b4
33. f4 b3 34. Kf6 b2 35. Kxf7 b1=Q 36. Kg7 Qc2 37. h4 Qg2 38. Kxg6 Qxg3+ 39.
Kh5 Qf3+ 40. Kxh6 Qxf4+ 41. Kh5 Qf5+ 42. Kh6 Kd4 {#R} 0-1

[Event "ICU Treasure Valley Ch"]
[Site "Boise, ID"]
[Date "2012.06.09"]
[Round "1.1"]
[White "McGarvey, James H"]
[Black "Sawyer, David"]
[Result "0-1"]
[WhiteElo "1593"]
[BlackElo "1924"]

1. d4 Nf6 2. c4 c5 3. d5 e6 4. Nc3 exd5 5. cxd5 d6 6. e4 g6 7. Nf3 a6 8. Be2
b5 9. Bg5 Bg7 10. e5 dxe5 11. Nxe5 O-O 12. O-O h6 13. Bh4 Qb6 14. Bf3 Ra7 15.
Rc1 Nbd7 16. Nc6 Rc7 17. Bg3 Rb7 18. Re1 Kh7 19. Ne7 Nb8 20. d6 Rd7 21. Ncd5
Nxd5 22. Nxd5 Qa7 23. Qc2 Bd4 24. Nf6+ Bxf6 25. Qxc5 Qxc5 26. Rxc5 Bxb2 27.
Bg4 Rdd8 28. Rc7 {#R} 0-1